Anar al contingut

Бизнес-планирование учебное пособие

Учебное пособие разработано кандидатом экономических наук, доцентом Т.С. Кравченко на основе Федерального государственного образовательного стандарта. Учебное пособие рассмотрено на заседании кафедры «Организация предпринимательской деятельности и менеджмента в АПК» ФГБОУ ВО Орловский ГАУ и одобрено...

Descripció completa

Guardat en:
Dades bibliogràfiques
Autor principal: Кравченко Т. С.
Format: Книга
Idioma:Russian
Publicat: Орел ОрелГАУ 2016
Accés en línia:https://e.lanbook.com/book/106922
https://e.lanbook.com/img/cover/book/106922.jpg
Etiquetes: Afegir etiqueta
Sense etiquetes, Sigues el primer a etiquetar aquest registre!
LEADER 01582nam0a2200241 i 4500
001 106922
003 RuSpLAN
005 20221220174013.0
008 221220s2016 ru gs 000 0 rus
040 |a RuSpLAN 
041 0 |a rus 
044 |a ru 
080 |a 005.11(075.8) 
245 0 0 |a Бизнес-планирование  |b учебное пособие  |c Кравченко Т. С. 
260 |a Орел  |b ОрелГАУ  |c 2016 
300 |a 202 с. 
504 |a Библиогр.: доступна в карточке книги, на сайте ЭБС Лань 
520 8 |a Учебное пособие разработано кандидатом экономических наук, доцентом Т.С. Кравченко на основе Федерального государственного образовательного стандарта. Учебное пособие рассмотрено на заседании кафедры «Организация предпринимательской деятельности и менеджмента в АПК» ФГБОУ ВО Орловский ГАУ и одобрено для использования в учебном процессе (протокол № 18 от 20.01.2016г). 
521 8 |a Книга из коллекции ОрелГАУ - Ветеринария и сельское хозяйство 
100 1 |a Кравченко Т. С. 
856 4 |u https://e.lanbook.com/book/106922 
856 4 8 |u https://e.lanbook.com/img/cover/book/106922.jpg 
953 |a https://e.lanbook.com/img/cover/book/106922.jpg 
Cannot write session to /tmp/vufind_sessions/sess_e6jb4qe9umld162aq5o0t3kt62